Nazi Germany - Picture Quiz - Statistics

General Stats
  • This quiz has been taken 2,508 times
    2,445 since last reset
  • The average score is 13 of 21
Answer Stats
Picture Hint Answer % Correct
person Adolf Hitler
99%
organization Schutzstaffel "SS"
91%
place Auschwitz-Birkenau
86%
person Eva Braun
80%
symbol Swastika
80%
organization Sturmabteilung
79%
person Heinrich Himmler
78%
person Joseph Goebbels
75%
military decoration Iron Cross
70%
person Hermann Göring
65%
operation (22 June 1941) Operation Barbarossa
63%
1936 event Berlin Olympics
61%
person Erwin Rommel
59%
action (27 February 1933) Reichstag fire
54%
action ( 9–10 November 1938) Crystal night
50%
organization Luftwaffe
42%
action (12 March 1938) Anschluss
41%
person Adolf Eichmann
39%
event(s) Nuremberg rally
34%
name of the pet Blondi
29%
bomber Messerschmitt Me 264
9%
No matching quizzes found
Score Distribution
Percent of People with Each Score
Percentile by Number Answered
Your Score History
You have not taken this quiz since the last reset